000 00608nam a2200241Ia 4500
008 140626s9999 xx 000 0 und d
100 _aRacho, Janeca.
245 _aBriefly nomadic :
_b a beauty spot called El Nido /
_cJaneca Racho ... [et al.].
260 _cc2013.
300 _a7 : 2, page
440 _aSide Trip
521 _aTOU
650 _aAccommodation.
650 _aAdventure.
650 _aBeaches.
650 _aEl Nido.
650 _aIsland expedition.
650 _aMountains.
650 _aTransportation.
650 _aTravel.
650 _aWater falls.
942 _cSE
999 _c121147
_d121147